[Event "Hennebont Grand Prix U14"]
[Site "Hennebont"]
[Date "2006.08.06"]
[Round "7"]
[White "Savadoux, Valentin"]
[Black "Robic, Damien"]
[Result "0-1"]
[WhiteElo "1090"]
[BlackElo "1380"]
[PlyCount "118"]
[EventDate "2006.08.06"]
[EventType "swiss"]
[EventRounds "7"]
[EventCountry "FRA"]
[SourceTitle "EXT 2008"]
[Source "ChessBase"]
[SourceDate "2007.11.25"]
[SourceVersion "1"]
[SourceVersionDate "2007.11.25"]
[SourceQuality "1"]

1. e4 e5 2. Nf3 Nc6 3. Nc3 Nf6 4. d4 exd4 5. Nxd4 Bc5 6. Nxc6 bxc6 7. Bc4 d6 8. Bg5 h6 9. Bxf6 Qxf6 10. 0-0 0-0 11. Qe2 Qg6 12. Ba6 Bh3 13. Qf3 Bg4 14. Qg3 Be6 15. e5 Qxg3 16. hxg3 dxe5 17. Bb7 Rab8 18. Bxc6 Rb6 19. Bd5 Bxd5 20. Nxd5 Rxb2 21. c3 c6 22. Nc7 e4 23. Na6 Bb6 24. Nb4 c5 25. Nd5 Ba5 26. Rfe1 Rd8 27. Red1 Rb7 28. f3 exf3 29. gxf3 Rbd7 30. c4 Bc7 31. Nxc7 Rxd1+ 32. Rxd1 Rxd1+ 33. Kf2 Rd2+ 34. Ke3 Rxa2 35. Nb5 a6 36. Nc3 Ra3 37. Kd3 Ra1 38. Ke4 Rc1 39. Kd3 Rg1 40. Ne4 f5 41. Nxc5 Rxg3 42. Ke3 a5 43. Kf4 Rg5 44. Na4 Kf7 45. c5 Ke6 46. Ke3 Kd5 47. f4 Rg3+ 48. Kf2 Ra3 49. Nb6+ Kxc5 50. Nd7+ Kd6 51. Ne5 Ke6 52. Ng6 Rb3 53. Ke2 a4 54. Kd2 a3 55. Kc2 Rb8 56. Ne5 a2 57. Nc6 Rc8 58. Kb2 Rxc6 59. Kxa2 Rb6 0-1